| 000 | 01368nam a22002537a 4500 | ||
|---|---|---|---|
| 005 | 20090604142750.0 | ||
| 008 | 090604t xxu||||| |||| 00| 0 hin d | ||
| 010 | _aHIN-86818 | ||
| 020 |
_a818135043x _c700.00 |
||
| 035 | _aHN-59164 | ||
| 037 | _bDBAD / PUB | ||
| 040 |
_adpl _bhn |
||
| 082 | _a821.08 | ||
| 100 | _aसंतराम देशमुख 'विमल' | ||
| 245 |
_aडॉ. इन्द्र बहादुर सिंह की रचना-धर्मिता समीक्षा और सर्जन / _cसंतराम देशमुख 'विमल' |
||
| 246 |
_aDr.Indra Bahadur Singh kii rachanaa-dharmitaa samiikshaa aura Sarjana _bby Santram Deshmukh 'Vimal' |
||
| 260 |
_aदिल्ली _bपंकज बुक्स _c2009 |
||
| 270 |
_a109-ए, पटपड़गंज _bदिल्ली _e110091 _k22756734 |
||
| 300 |
_a502पृ. _c22सेमी (सजिल्द) |
||
| 650 |
_aहिन्दी कविता _xइतिहास एवं समालोचना |
||
| 650 |
_aHindi kavita _xHistory and criticism |
||
| 942 |
_2ddc _cHN _mइन्द्रब _h821.08 |
||
| 999 |
_c27229 _d27229 |
||